| 000 | 00619nam a2200205 a 4500 | ||
|---|---|---|---|
| 001 | 3698 | ||
| 003 | CO-ViMGA | ||
| 008 | 141112s2004 ck r 000 u spa d | ||
| 040 |
_aCO-ViMGA _bspa _cCO-ViMGA |
||
| 082 | 0 | 4 | _a668.6 R615 |
| 100 | 1 |
_aRobledo de Pedro, Felix _953731 |
|
| 245 | 1 | 0 |
_aAplicación de los plásticos en la agricultura / _cRobledo de Pedro Felix , Martin Vicente Luis |
| 250 | _a2a | ||
| 260 |
_aMadrid : _bMundi - Prensa, _c1988 |
||
| 300 | _a573 p : il | ||
| 650 | 1 | 4 |
_aINVERNADERO _953732 |
| 650 | 1 | 4 |
_aMartin Vicente, Luis _953733 |
| 650 | 1 | 4 |
_aPLASTICO Y AGRICULTURA _953734 |
| 942 |
_2ddc _cBK |
||
| 999 |
_c15720 _d15720 |
||